000 00464 a2200181 4500
003 OSt
005 20180116182859.0
008 160504b xxu||||| |||| 00| 0 eng d
020 _a0540133054
040 _c0
082 _a658 TUP 1984
100 _aPierre N.V. Tu
245 _aIntroductory Optimization Dynamics
_cPierre N.V. Tu
260 _aNewYork Tokyo
_bSpringe-Verlag
_c1984
300 _a387
500 _apapercover
942 _aNBS
_cBK
_k658 TUP
_2ddc
999 _c347698
_d347698